Samostatné Slovensko ve středoevropském kontextu
Rozdielne vnímanie ponovembrových zmien v Československu. Nové impulzy v procese národného sebavedomia Slovákov. Nové rozmery starých problémov. Obavy z vývoja vzťahov mladého slovenského štátu s Maďarskom. Návrat Slovenska na cestu demokracie. Reformy a zahraničné investície. Predčasné parlamentné...
Gespeichert in:
| 1. Verfasser: | |
|---|---|
| Format: | Buchkapitel |
| Sprache: | Tschechisch |
| Schlagworte: | |
| Tags: |
Keine Tags, Fügen Sie das erste Tag hinzu!
|
MARC
| LEADER | 00000naa$a2200000$$$4500 | ||
|---|---|---|---|
| 001 | 0070656 | ||
| 005 | 20231016093405.1 | ||
| 041 | 0 | |a cze | |
| 044 | |a CZ | ||
| 245 | 1 | 0 | |a Samostatné Slovensko ve středoevropském kontextu |c Vladimír Leška |
| 520 | |a Rozdielne vnímanie ponovembrových zmien v Československu. Nové impulzy v procese národného sebavedomia Slovákov. Nové rozmery starých problémov. Obavy z vývoja vzťahov mladého slovenského štátu s Maďarskom. Návrat Slovenska na cestu demokracie. Reformy a zahraničné investície. Predčasné parlamentné voľby v roku 2006 - sociálnodemokratická orientácia krajiny. Slovensko ako pevná súčasť integrovanej Európy. | ||
| 610 | 2 | 0 | |a politika zahraničná |
| 610 | 2 | 0 | |a politika vnútorná |
| 610 | 2 | 0 | |a vzťahy medzinárodné |
| 610 | 2 | 0 | |a štát |
| 610 | 2 | 0 | |a samostatnosť hospodárska |
| 610 | 2 | 0 | |a strany politické |
| 610 | 2 | 0 | |a strany vládne |
| 610 | 2 | 0 | |a voľby |
| 610 | 2 | 0 | |a integrácia ekonomická medzinárodná |
| 610 | 2 | 0 | |a Slovensko |
| 100 | 1 | |a Leška, Vladimír | |